000 00630nam a2200217Ia 4500
003 Ost
005 20260507075631.0
008 260507s9999||||xx |||||||||||||| ||und||
020 _a4187232977
040 _cfsecg
041 _aara
082 _a4.678
100 _aشاهين، بهاء
_eمؤلف
245 0 _aالأنترنيت والعولمة /
_c بهاء شاهين
260 _aالقاهرة:
_bعالم الكتب,
_c1999
300 _a398 صفحة؛
_bإيضاحات ؛
_c24 سم
520 _aالأنترنت؛ العولمة
653 _aالأنترنت
653 _aالعولمة
942 _cكتاب
999 _c45196
_d45196